00462nam a22001217a 450000500170000000800410001704100080005810000090006624501750007525000090025026000710025930000100033020250514160101.0250514b |||||||| |||| 00| 0 eng d aEng aNeha aA Study To Assess The Effectiveness of Stp on Knowledge of autism Spectrum disorder Among The Primary School Teachers in Selected Primary School of Urban Community (Phd.) a2024 aRajasthanbShri Jagdishprasad jhabarmal Tibrewala Universityc2024 a263 P